Estadísticas para Top 10 Países Americanos por Línea Costera

Haz click aquí para intentar la prueba.

Estadísticas generales

  • Esta prueba ha sido intentada 4.749 veces
  • La puntuación promedio es 9 de 10

Estadísticas de respuestas

KilómetrosPaís% Correcto
7,491Brasil
99%
202,080Canadá
99%
6,435Chile
99%
19,924Estados Unidos
99%
9,330México
98%
4,989Argentina
97%
3,208Colombia
94%
2,800Venezuela
93%
3,735Cuba
89%
3,542Bahamas
54%

Distribución de puntuación

Porcentaje por número respondido

Porcentaje de gente con cada puntuación

Historial de tus puntuaciones

No has intentado esta prueba.